| 000 | nam a22 a 4500 | ||
|---|---|---|---|
| 999 |
_c426 _d426 |
||
| 005 | 20170503161649.0 | ||
| 008 | 170503b1973 -us||||| |||| 00| 0 eng d | ||
| 020 | _a0877355177 | ||
| 040 | _aAKMAL | ||
| 082 | _a100 LUC | ||
| 090 |
_a100 _bLUC |
||
| 245 |
_aReason And Experience _bDialogues in Modern Philosophy _cJohn De luca |
||
| 260 |
_aUnited States of America _bFreeman, Cooper & Co _c1973 |
||
| 300 |
_a427pg.: _c20 cm |
||
| 650 |
_aPsychology _9859 |
||
| 942 |
_2ddc _cBOOK |
||